000 00448nam a22000977a 4500
008 160215b xxu||||| |||| 00| 0 eng d
100 _aSieger, Hermann Walter
245 _aKatalog der Flugpost der neuen Deutschen Lufthansa
260 _aLorch/Wurttemberg, Germany
_bSieger Verlag
_c1976
650 _aGermany | Germany, West (1945-) | Air Mail | Postal Markings | Covers | Flights | Catalogs and Price Lists | Lufthansa | Airlines | Aeronautics, Commercial
999 _c1774
_d1774